Normal view
MARC view
- التعليم-بحوث-العالم العربي. التعليم-نظريات-العالم العربي
Entry Topical Term
001 - CONTROL NUMBER
- control field: 7769
003 - CONTROL NUMBER IDENTIFIER
- control field: JO-AjAnu
005 - DATE AND TIME OF LATEST TRANSACTION
- control field: 20230606071544.0
008 - FIXED-LENGTH DATA ELEMENTS
- fixed length control field: 230606|| aca||aabn | a|a d
040 ## - CATALOGING SOURCE
- Original cataloging agency: JO-AjAnu
- Transcribing agency: JO-AjAnu
150 ## - HEADING--TOPICAL TERM
- Topical term or geographic name entry element: التعليم-بحوث-العالم العربي. التعليم-نظريات-العالم العربي
670 ## - SOURCE DATA FOUND
- Source citation: Work cat.: (JO-AjAnu)4015: حسان،حسن محمد إبراهيم, author 7768, طفل ما قبل المدرسة الإبتدائية (دراسات وبحوث تربوية)